| 000 | 00634nam a22002417a 4500 | ||
|---|---|---|---|
| 003 | UA-OsUOA | ||
| 001 | 54320 | ||
| 007 | ta | ||
| 008 | 20080604b un ||||| |||| 00| 0 ukr d | ||
| 100 | _aЕгорова-Гантман Е. | ||
| 090 |
_a323(73) _bЕ30 |
||
| 942 | _cBK | ||
| 040 |
_aUA-OsUOA _brus _cUA-OsUOA _dUA-OsUOA |
||
| 245 |
_aИгры в солдатики _bПолитическая психология президента |
||
| 300 | _a336 с. | ||
| 955 | _a2 | ||
| 041 | _arus | ||
| 080 | _a323(73) | ||
| 020 | _a5-901488-08-3 | ||
| 260 |
_aМ. _c2003 |
||
| 650 | 7 |
_a32 Політика _2UDC |
|
| 999 |
_c340413 _d340413 |
||